000
00267nam a2200121Ia 4500
008
190216s9999||||xx |||||||||||||| ||und||
100
_a
Taj P M
245
0
_a
Perumpara
260
_b
Current Books
_c
1992
300
_a
60p
650
_a
Malayalam Nadakam
942
_c
BK
999
_c
26776
_d
26776